Essentials of contemporary management

In this ninth edition of Essentials of Contemporary Management, we continue to focus on providing the most up-to-date account of the changes taking place in the world of management and management practices while maintaining our emphasis on making our text relevant and interesting to students. And we...

Descripción completa

Guardado en:
Detalles Bibliográficos
Autor principal: Jones Gareth R.
Otros Autores: George Jennifer M.
Formato: Libro
Publicado: Boston : McGraw-Hill , c2007.
Edición:5nd ed.
Materias:
Etiquetas: Agregar Etiqueta
Sin Etiquetas, Sea el primero en etiquetar este registro!

MARC

LEADER 00000nam a22000007a 4500
005 20250925083510.0
020 |a 0074632272  |c TZS 18000/= 
040 |a MCCL  |b eng.  |e AACR 2nd rev. ed.  
082 |a 658 JON 
100 |a Jones Gareth R.  
245 |a  Essentials of contemporary management   |c Gareth R. Jones and Jennifer M. George 
250 |a 5nd ed. 
260 |a Boston :  |b McGraw-Hill ,   |c c2007. 
300 |a xxv, 594 p . :   |b ill . ;   |c 24 cm. 
504 |a Includes index 
520 |a In this ninth edition of Essentials of Contemporary Management, we continue to focus on providing the most up-to-date account of the changes taking place in the world of management and management practices while maintaining our emphasis on making our text relevant and interesting to students. And we know from feedback from instructors and students that the text does engage them. Our increased focus on the challenges and opportunities facing businesses large and small and integrated timely examples bring management issues to life for students. The number and complexity of strategic, organizational, and human resource challenges facing managers and employees continue to rise. In most companies, managers at all levels address these challenges by implementing new and improved management techniques and practices. Today, relatively small differences in performance between companies, such as in the speed at which they bring new products or services to market or in the ways they motivate their employees to find ways to reduce costs or improve performance, can combine to give a company a significant competitive advantage. Managers and companies that utilize proven management techniques and practices in their decision making and actions increase their effectiveness over time"-- Provided by publisher 
546 |a eng. 
650 |a Management 
650 |a planning 
650 |a motivatin 
700 |a George Jennifer M.  
942 |c BK 
999 |c 11169  |d 11169